|
|
|
|
| LEADER |
005800000a22001570004500 |
| 082 |
|
|
|a 378.009 548 3 Q1;1
|
| 100 |
|
|
|a Karthikeyan Nair, V; Compiler
|
| 245 |
|
|
|a Documentary history of higher education in Kerala
|
| 260 |
|
|
|a Thiruvananthapuram, The Kerala State Higher Education Council
|
| 260 |
|
|
|c 2011
|
| 460 |
|
|
|a x, 477p
|
| 500 |
|
|
|a comp by V Karthikeyan Nair
|
| 650 |
|
|
|a Education, Higher-Kerala
|
| 942 |
|
|
|c BK
|
| 999 |
|
|
|c 49003
|d 49003
|
| 952 |
|
|
|0 0
|1 0
|4 0
|6 378_009000000000000_548_3_Q11
|7 0
|8 ENG
|9 49735
|a MGUL
|b MGUL
|d 2013-07-16
|l 0
|o 378.009 548 3 Q1;1
|p G2230
|r 2013-07-16
|w 2013-07-16
|y BK
|